Tennis Grand Slam Champions (Male) - Sudden Death - Statistics

General Stats
  • This quiz has been taken 1,722 times
  • The average score is 9 of 15
Answers on the Grid
Answers color-coded by a green-red scale on the quiz's grid according to % correct below.
Björn Borg
Carlos Moya
David Ferrer
David Nalbandian
Dominic Thiem
Fernando González
Guillermo Coria
Gustavo Kuerten
Jannik Sinner
Jo-Wilfried Tsonga
Juan Martin del Potro
Kei Nishikori
Ken Fletcher
Kevin Anderson
Kevin Curren
Lleyton Hewitt
Marat Safin
Marcelo Rios
Marcos Baghdatis
Mariano Puerta
Mark Philippoussis
Nick Kyrgios
Nikolay Davydenko
Novak Djokovic
Pete Sampras
Rafael Nadal
Robin Soderling
Roger Federer
Stan Wawrinka
Tim Henman
Tomas Berdych
Yannick Noah
Yevgeny Kafelnikov
 
Answer Stats
Answer % Correct
Björn Borg
93%
Jannik Sinner
74%
Novak Djokovic
70%
Rafael Nadal
70%
Roger Federer
70%
Pete Sampras
65%
Dominic Thiem
61%
Juan Martin del Potro
61%
Stan Wawrinka
60%
Lleyton Hewitt
59%
Marat Safin
53%
Carlos Moya
46%
Gustavo Kuerten
41%
Yannick Noah
32%
Yevgeny Kafelnikov
27%
No matching quizzes found
Score Distribution
Percent of People with Each Score
Percentile by Number Answered
Your Score History
You have not taken this quiz